| 000 | 00000nam##2200000za#4500 |
| 001 | 9.688219 |
| 003 | CaOODSP |
| 005 | 20210624231326 |
| 007 | cr ||||||||||| |
| 008 | 150407|2006||||xxc|||||o f|0| 0 eng|d |
| 020 | |a0-662-42949-4 |
| 040 | |aCaOODSP|beng |
| 043 | |an-cn--- |
| 086 | 1 |aFs23-497/2006E-PDF |
| 110 | 1 |aCanada. |bDepartment of Fisheries and Oceans. |bCentral and Arctic Region. |
| 245 | 10|aFederal requirements for waterpower development environmental assessment processes in Ontario : |h[electronic resource]|bpractitioner's guide / |cco-published by Ontario Waterpower Association. |
| 250 | |aVersion 1.0 |
| 260 | |aBurlington - Ontario : |bFisheries and Oceans Canada. |cc2006. |
| 300 | |a133p.|bcoloured figs., graphs, tables |
| 500 | |a"This Practitioner’s Guide is not intended to be all encompassing but rather to provide sound and practical advice to proponents. The information contained in this document is intended to provide guidance only."--Page 15 of 133, Introduction and purpose. |
| 590 | |a10-11-Supp|b2010-11-10 |
| 690 | 07|aElectricity|2gcpds |
| 775 | 08|tExigences fédérales des processus d'évaluation environnementale des aménagements hydro-électriques en Ontario : |w(CaOODSP)9.632651 |
| 856 | 40|ahttp://publications.gc.ca|qPDF|s998 KB|uhttps://publications.gc.ca/collections/collection_2010/mpo-dfo/Fs23-497-2006-eng.pdf |
| 986 | |aDFO/2006-990 |